| 000 | 00000cam 2200000zi 4500 |
| 001 | 9.947546 |
| 003 | CaOODSP |
| 005 | 20260604151038 |
| 006 | m o d f |
| 007 | cr cn||||||||| |
| 008 | 250129t20252025onc o f000 0 fre d |
| 020 | |a9780660754864 |
| 040 | |aCaOODSP|bfre|erda|cCaOODSP |
| 043 | |an-cn--- |
| 086 | 1 |aCH57-4/82-2025F-PDF |
| 245 | 00|a4 principales causes d'incendie dans les musées ...et comment vous pourriez les prévenir! |
| 264 | 1|a[Ottawa] : |bInstitut canadien de conservation = Canadian Conservation Institute, |c[2025] |
| 300 | |a1 ressource en ligne (1 page non numérotée) : |billustrations en couleur |
| 336 | |atexte|btxt|2rdacontent/fre |
| 337 | |ainformatique|bc|2rdamedia/fre |
| 338 | |aressource en ligne|bcr|2rdacarrier/fre |
| 500 | |aPublié aussi en anglais sous le titre : 4 main causes of museum fires ...and how you can help prevent them! |
| 500 | |a« Information basée sur les données de100 incendies de musée signalés entre 1994 et 2004 au Canada. » |
| 650 | 6|aMusées (Édifices)|xIncendies et prévention des incendies|zCanada. |
| 710 | 2 |aInstitut canadien de conservation, |eorganisme de publication. |
| 710 | 1 |aCanada. |bPatrimoine canadien, |eorganisme de publication. |
| 775 | 08|t4 main causes of museum fires ...and how you can help prevent them!|w(CaOODSP)9.947545 |
| 856 | 40|qPDF|s1.06 Mo|uhttps://publications.gc.ca/collections/collection_2026/pch/CH57-4-82-2025-fra.pdf |
| 856 | 4 |qHTML|sS.O.|uhttps://www.canada.ca/fr/services/culture/histoire-patrimoine/museologie-conservation/preservation-conservation/outils-ressources/causes-incendie-musees.html |